[Event "Paris ch Open A"]
[Site "Paris FRA"]
[Date "2005.07.11"]
[Round "3.3"]
[White "Gervasio, Ricardo"]
[Black "Troffiguer, Olivier"]
[Result "1-0"]
[WhiteElo "2255"]
[BlackElo "2121"]
[PlyCount "89"]
[EventDate "2005.07.09"]
[EventType "swiss"]
[EventRounds "9"]
[EventCountry "FRA"]
[Source "lmi"]
[SourceDate "2005.07.17"]

1. e4 c5 2. a3 Nf6 3. e5 Nd5 4. c4 Nc7 5. b4 d5 6. cxd5 Qxd5 7. Nf3 cxb4 8.
axb4 e6 9. Nc3 Qd8 10. b5 Nd7 11. Bb2 Bb4 12. Qb3 Bxc3 13. dxc3 Nc5 14. Qc2 b6
15. Rd1 Qe7 16. Rd4 Bb7 17. Be2 Rd8 18. O-O O-O 19. Rg4 Ne8 20. Bc1 f5 21. Bg5
Qf7 22. Rd4 Rxd4 23. cxd4 Ne4 24. Bc1 Qc7 25. Qd3 Bd5 26. Ba3 Rf7 27. Rc1 Qb7
28. Ne1 Rc7 29. f3 Ng5 30. Qd2 Nf7 31. Qb4 h6 32. Qf8+ Kh7 33. Qxe8 Rxc1 34.
Bxc1 Qc7 35. Bd2 Nxe5 36. dxe5 Qxe5 37. Kf2 Qb2 38. Qc8 Qxd2 39. Qc2 Qd4+ 40.
Kf1 g5 41. Qc7+ Kg6 42. g4 Qf6 43. Nd3 Qa1+ 44. Kg2 fxg4 45. Ne5+ 1-0

[Event "Paris ch Open A"]
[Site "Paris FRA"]
[Date "2005.07.11"]
[Round "3.4"]
[White "Lacrosse, Marc"]
[Black "Vallepin, Cedric"]
[Result "1/2-1/2"]
[WhiteElo "2242"]
[BlackElo "2119"]
[PlyCount "82"]
[EventDate "2005.07.09"]
[EventType "swiss"]
[EventRounds "9"]
[EventCountry "FRA"]
[Source "lmi"]
[SourceDate "2005.07.17"]

1. d4 Nf6 2. c4 e6 3. Nf3 Bb4+ 4. Bd2 c5 5. Bxb4 cxb4 6. g3 O-O 7. Bg2 d6 8.
O-O Nc6 9. Qd3 e5 10. Nbd2 Bg4 11. d5 Nb8 12. e4 Na6 13. Ne1 Qb6 14. h3 Bh5 15.
Kh2 Nc5 16. Qe3 Bg6 17. f3 Nfd7 18. Nd3 f5 19. Nxc5 fxe4 20. Ndxe4 Bxe4 21.
Qxe4 Nxc5 22. Qe2 Rfe8 23. Rae1 b3 24. a3 Rac8 25. f4 exf4 26. Qxe8+ Rxe8 27.
Rxe8+ Kf7 28. Re3 Kg6 29. Rxf4 Qd8 30. Bf3 h6 31. Bg4 h5 32. Bd1 Kh6 33. h4 g6
34. Rf7 Qh8 35. Ree7 Nd3 36. Re2 Ne5 37. Rf4 Qe8 38. Kh1 Qc8 39. Kg2 Nxc4 40.
Bxb3 Ne5 41. Rc2 Qd8 1/2-1/2

[Event "Paris ch Open A"]
[Site "Paris FRA"]
[Date "2005.07.11"]
[Round "3.5"]
[White "Leuly, Max"]
[Black "Xheladini, Mahmut"]
[Result "0-1"]
[WhiteElo "2113"]
[BlackElo "2242"]
[PlyCount "44"]
[EventDate "2005.07.09"]
[EventType "swiss"]
[EventRounds "9"]
[EventCountry "FRA"]
[Source "lmi"]
[SourceDate "2005.07.17"]

1. d4 b5 2. Nf3 Bb7 3. g3 e6 4. Bg2 c5 5. O-O cxd4 6. Qxd4 d5 7. a4 Nc6 8. Qd1
b4 9. Nbd2 Rc8 10. e4 Na5 11. exd5 Bxd5 12. Ne1 Nf6 13. Bxd5 Qxd5 14. Ng2 Qc6
15. Ne3 Bc5 16. Nf3 O-O 17. Qe2 Rc7 18. Rd1 Qe4 19. Nd2 Qg6 20. Ndf1 h5 21. h4
Ne4 22. Bd2 f5 0-1

[Event "Paris ch Open A"]
[Site "Paris FRA"]
[Date "2005.07.11"]
[Round "3.6"]
[White "Le Bas, Alexis"]
[Black "Peltrault, Frederic"]
[Result "1-0"]
[WhiteElo "2108"]
[BlackElo "2202"]
[PlyCount "83"]
[EventDate "2005.07.09"]
[EventType "swiss"]
[EventRounds "9"]
[EventCountry "FRA"]
[Source "lmi"]
[SourceDate "2005.07.17"]

1. d4 Nf6 2. c4 c5 3. d5 b5 4. cxb5 a6 5. b6 Qxb6 6. Nc3 d6 7. e4 g6 8. Nf3
Nbd7 9. Be2 Bg7 10. O-O O-O 11. h3 a5 12. Qc2 Ba6 13. Re1 Rfb8 14. Rb1 Bxe2 15.
Qxe2 Ne8 16. Na4 Qb4 17. b3 c4 18. Bd2 c3 19. Bg5 Nc7 20. Rbc1 Re8 21. Qd3 Nb5
22. Red1 Rac8 23. Be3 Rc7 24. Ne1 Na3 25. Bd4 Qxd4 26. Qxd4 Bxd4 27. Rxd4 Nb5
28. Rc4 Rec8 29. Rxc7 Rxc7 30. Kf1 f5 31. exf5 gxf5 32. Nd3 Kf7 33. Ke2 e5 34.
dxe6+ Kxe6 35. Nf4+ Ke5 36. g3 d5 37. Kd3 Nf6 38. f3 d4 39. Re1+ Kd6 40. Re6+
Kd7 41. Rxf6 c2 42. Rf7+ 1-0

[Event "Paris ch Open A"]
[Site "Paris FRA"]
[Date "2005.07.11"]
[Round "3.7"]
[White "San Marco, Jean"]
[Black "Maisuradze, Nino"]
[Result "0-1"]
[WhiteElo "2105"]
[BlackElo "2196"]
[PlyCount "62"]
[EventDate "2005.07.09"]
[EventType "swiss"]
[EventRounds "9"]
[EventCountry "FRA"]
[Source "lmi"]
[SourceDate "2005.07.17"]

1. e4 c5 2. c3 d5 3. exd5 Qxd5 4. d4 Nf6 5. Nf3 Bg4 6. Be2 e6 7. Be3 cxd4 8.
cxd4 Bb4+ 9. Nc3 Ne4 10. Qa4+ Nc6 11. Qxb4 Nxb4 12. Nxd5 Nxd5 13. Bb5+ Ke7 14.
Ne5 Bf5 15. g4 Nd6 16. gxf5 Nxb5 17. Rg1 Rhg8 18. fxe6 Kxe6 19. Nd3 b6 20. Rc1
f6 21. a4 Nd6 22. b4 g6 23. Nf4+ Nxf4 24. Bxf4 Rac8 25. d5+ Kf5 26. Rxc8 Rxc8
27. Bd2 Rc2 28. Kd1 Ra2 29. Rg3 Ne4 30. Rf3+ Ke5 31. Bf4+ Kxd5 0-1

[Event "Paris ch Open A"]
[Site "Paris FRA"]
[Date "2005.07.11"]
[Round "3.8"]
[White "Garbarino, Xavier"]
[Black "Woehrel, Hermann"]
[Result "1/2-1/2"]
[WhiteElo "2191"]
[BlackElo "2106"]
[PlyCount "51"]
[EventDate "2005.07.09"]
[EventType "swiss"]
[EventRounds "9"]
[EventCountry "FRA"]
[Source "lmi"]
[SourceDate "2005.07.17"]

1. d4 Nf6 2. Nf3 e6 3. Bg5 h6 4. Bh4 b6 5. Nbd2 Bb7 6. e3 c5 7. c3 Be7 8. Bd3
O-O 9. O-O d5 10. Ne5 Nbd7 11. f4 Rc8 12. f5 exf5 13. Bxf5 Ra8 14. Ndf3 Qe8 15.
Bc2 a6 16. Nxd7 Nxd7 17. Qd3 g6 18. Bg3 Nf6 19. c4 Rc8 20. cxd5 Bxd5 21. Qxa6
cxd4 22. Nxd4 Bc5 23. Bb3 Bxb3 24. axb3 Qxe3+ 25. Bf2 Qd2 26. Qe2 1/2-1/2

[Event "Paris ch Open A"]
[Site "Paris FRA"]
[Date "2005.07.11"]
[Round "3.9"]
[White "Licayan, Albert"]
[Black "Birens, Eric-Andre"]
[Result "1/2-1/2"]
[WhiteElo "2187"]
[BlackElo "2104"]
[PlyCount "123"]
[EventDate "2005.07.09"]
[EventType "swiss"]
[EventRounds "9"]
[EventCountry "FRA"]
[Source "lmi"]
[SourceDate "2005.07.17"]

1. e4 c5 2. Nf3 d6 3. Bb5+ Nd7 4. d4 cxd4 5. Qxd4 e5 6. Qd3 a6 7. Bxd7+ Bxd7 8.
Nc3 h6 9. Be3 Nf6 10. h3 Rc8 11. O-O Be7 12. Rfe1 O-O 13. Rad1 b5 14. a3 Qc7
15. Rc1 Qb7 16. Nd2 Be6 17. f3 d5 18. exd5 Nxd5 19. Nxd5 Bxd5 20. Bf2 Rfd8 21.
Qe2 Bg5 22. Be3 Be7 23. Bf2 f6 24. c3 a5 25. Red1 Rc7 26. Ne4 Qc6 27. Ng3 Rcd7
28. Nf5 Bf8 29. Ne3 Bb3 30. Rxd7 Qxd7 31. Re1 b4 32. axb4 axb4 33. Qa6 Bc5 34.
cxb4 Bxb4 35. Ra1 Bc5 36. Qa5 Bd4 37. Qb4 Be6 38. Ng4 Bxg4 39. Bxd4 Qxd4+ 40.
Qxd4 Rxd4 41. hxg4 Rb4 42. Rb1 Kf7 43. Kf2 Kg6 44. b3 Kg5 45. Rb2 h5 46. gxh5
Kxh5 47. Ke3 f5 48. Kd3 g5 49. Kc3 Rb8 50. Re2 Re8 51. b4 g4 52. fxg4+ Kxg4 53.
b5 e4 54. Kd4 Kf4 55. b6 Rd8+ 56. Kc5 e3 57. b7 Ke4 58. Kc6 Kd3 59. Ra2 Rb8 60.
Ra3+ Kd2 61. Ra2+ Kd3 62. Ra3+ 1/2-1/2

[Event "Paris ch Open A"]
[Site "Paris FRA"]
[Date "2005.07.11"]
[Round "3.10"]
[White "Cruz Alvarez De Ron, Dan"]
[Black "Gautier, Serge"]
[Result "1-0"]
[WhiteElo "2186"]
[BlackElo "2103"]
[PlyCount "85"]
[EventDate "2005.07.09"]
[EventType "swiss"]
[EventRounds "9"]
[EventCountry "FRA"]
[Source "lmi"]
[SourceDate "2005.07.17"]

1. Nf3 Nf6 2. c4 g6 3. b4 Bg7 4. Bb2 O-O 5. e3 c5 6. bxc5 Qa5 7. Be2 Na6 8. Bc3
Qxc5 9. d4 Qc7 10. Nbd2 d5 11. Rc1 Bg4 12. O-O dxc4 13. Nxc4 Bxf3 14. gxf3 Nd5
15. Ba5 Qd7 16. f4 Nab4 17. Qb3 Nc6 18. Bf3 Rac8 19. Kh1 b6 20. Bd2 Rfd8 21.
Ne5 Nxe5 22. fxe5 e6 23. a4 h5 24. a5 b5 25. a6 b4 26. Rb1 Rb8 27. Rfc1 Rb6 28.
Be2 Nc3 29. Bxc3 Qc6+ 30. d5 Rxd5 31. Bd2 Rc5+ 32. Kg1 Bxe5 33. Qd3 Bc7 34. e4
b3 35. Rxc5 Qxc5 36. Be3 Qe5 37. f4 Qf6 38. e5 Qh4 39. Rxb3 Qe1+ 40. Bf1 Rc6
41. Rb1 Qh4 42. Bg2 Qg4 43. Kh1 1-0

[Event "Paris ch Open A"]
[Site "Paris FRA"]
[Date "2005.07.12"]
[Round "4.1"]
[White "Helstroffer, Arnaud"]
[Black "Lafaurie, Pierre"]
[Result "1-0"]
[WhiteElo "2264"]
[BlackElo "2144"]
[PlyCount "27"]
[EventDate "2005.07.09"]
[EventType "swiss"]
[EventRounds "9"]
[EventCountry "FRA"]
[Source "lmi"]
[SourceDate "2005.07.17"]

1. e4 c5 2. Nf3 Nc6 3. Bb5 g6 4. O-O Bg7 5. Re1 e5 6. a3 Nge7 7. b4 cxb4 8.
axb4 Nxb4 9. Ba3 Nbc6 10. Bd6 O-O 11. Nc3 Re8 12. Bc4 h6 13. Nb5 b6 14. Bc7 1-0

[Event "Paris ch Open A"]
[Site "Paris FRA"]
[Date "2005.07.12"]
[Round "4.2"]
[White "Trommsdorf, Fro"]
[Black "Popov, Gueorgui"]
[Result "1/2-1/2"]
[WhiteElo "2154"]
[BlackElo "2263"]
[PlyCount "96"]
[EventDate "2005.07.09"]
[EventType "swiss"]
[EventRounds "9"]
[EventCountry "FRA"]
[Source "lmi"]
[SourceDate "2005.07.17"]

1. Nf3 d5 2. g3 c6 3. Bg2 Nf6 4. d4 Bf5 5. O-O e6 6. c4 Be7 7. Nc3 h6 8. Qb3
Qb6 9. Bf4 Nbd7 10. cxd5 Qxb3 11. axb3 exd5 12. h3 O-O 13. g4 Bh7 14. Nd2 Rfe8
15. Rfe1 Bb4 16. Na2 Bf8 17. Nc3 a6 18. Bf3 g5 19. Bh2 Re6 20. e3 Bg6 21. Nf1
Rae8 22. Ng3 Bd6 23. Rec1 Bxg3 24. Bxg3 Ne4 25. Nxe4 Bxe4 26. Be2 Bg6 27. b4
Nb6 28. b3 f5 29. gxf5 Bxf5 30. Kh2 Kh7 31. Be5 Nd7 32. Bg3 Nf6 33. Be5 Kg6 34.
Ra2 Ne4 35. f4 Nd6 36. Rd2 Ne4 37. Ra2 Nf2 38. Bxa6 Ra8 39. Rxf2 Rxa6 40. fxg5
hxg5 41. Rcf1 Bd3 42. Rg1 Kh5 43. Bf6 Rxe3 44. Rxg5+ Kh6 45. Rg8 Re2 46. Rxe2
Bxe2 47. Rb8 Ra3 48. Rxb7 Rxb3 1/2-1/2

[Event "Paris ch Open A"]
[Site "Paris FRA"]
[Date "2005.07.12"]
[Round "4.3"]
[White "Cochard, Sebastien"]
[Black "Gervasio, Ricardo"]
[Result "1/2-1/2"]
[WhiteElo "2137"]
[BlackElo "2255"]
[PlyCount "42"]
[EventDate "2005.07.09"]
[EventType "swiss"]
[EventRounds "9"]
[EventCountry "FRA"]
[Source "lmi"]
[SourceDate "2005.07.17"]

1. e4 e6 2. d4 d5 3. Nc3 Bb4 4. Nge2 dxe4 5. a3 Bxc3+ 6. Nxc3 Nc6 7. Bb5 Nge7
8. Nxe4 O-O 9. c3 Qd5 10. Qe2 f5 11. Ng3 Qxg2 12. Bd3 f4 13. Be4 Qh3 14. Bd2
Na5 15. Qb5 Qg4 16. f3 Qh4 17. O-O-O Nec6 18. Rdg1 a6 19. Qh5 Qxh5 20. Nxh5 Rf7
21. Bxf4 g6 1/2-1/2

[Event "Paris ch Open A"]
[Site "Paris FRA"]
[Date "2005.07.12"]
[Round "4.4"]
[White "Xheladini, Mahmut"]
[Black "Hauroo, Harris"]
[Result "1/2-1/2"]
[WhiteElo "2242"]
[BlackElo "2140"]
[PlyCount "110"]
[EventDate "2005.07.09"]
[EventType "swiss"]
[EventRounds "9"]
[EventCountry "FRA"]
[Source "lmi"]
[SourceDate "2005.07.17"]

1. e4 c5 2. Nf3 d6 3. Nc3 Nf6 4. Bc4 e6 5. Bb3 Be7 6. O-O Nc6 7. a3 O-O 8. d3
Rb8 9. Re1 e5 10. h3 b5 11. Ne2 a5 12. c3 Qc7 13. Ng3 Rd8 14. Ng5 Rf8 15. f4 a4
16. Ba2 Na5 17. Bd2 c4 18. d4 Nc6 19. fxe5 dxe5 20. d5 Bc5+ 21. Kh2 Ne7 22. Rf1
h6 23. Nf3 Ng6 24. Qc2 Re8 25. Rad1 Nxd5 26. exd5 e4 27. Ng1 Bb7 28. Be1 Rbd8
29. N1e2 Bxd5 30. Nd4 Bxd4 31. Rxd4 Ne5 32. Rf5 g6 33. Rf6 h5 34. Kh1 Nd3 35.
Qe2 Qe5 36. Rb6 Rb8 37. Rxb8 Rxb8 38. Nxe4 Bxe4 39. Rxe4 Qf5 40. Bg3 Rf8 41.
Bb1 Nc5 42. Bd6 Nxe4 43. Qxe4 Qf1+ 44. Kh2 Rd8 45. Bf4 Kh7 46. Kg3 h4+ 47. Kxh4
Re8 48. Be5 Rxe5 49. Qxe5 Qxb1 50. Qxb5 Qe4+ 51. Kg3 Qe3+ 52. Kh2 Qf4+ 53. Kg1
Qe3+ 54. Kf1 Qc1+ 55. Ke2 Qc2+ 1/2-1/2

[Event "Paris ch Open A"]
[Site "Paris FRA"]
[Date "2005.07.12"]
[Round "4.5"]
[White "Maisuradze, Nino"]
[Black "Demagnee, Arnaud"]
[Result "0-1"]
[WhiteElo "2196"]
[BlackElo "2135"]
[PlyCount "152"]
[EventDate "2005.07.09"]
[EventType "swiss"]
[EventRounds "9"]
[EventCountry "FRA"]
[Source "lmi"]
[SourceDate "2005.07.17"]

1. d4 d5 2. c4 c6 3. Nc3 Nf6 4. Bg5 e6 5. e3 Nbd7 6. cxd5 exd5 7. Qc2 Qa5 8.
Bd3 Bd6 9. Nge2 O-O 10. O-O Re8 11. a3 a6 12. Rae1 Qc7 13. h3 h6 14. Bh4 b6 15.
g4 g5 16. Bg3 c5 17. Bxd6 Qxd6 18. Ng3 Nf8 19. dxc5 bxc5 20. Na4 c4 21. Bf5 Bb7
22. Ne2 Re5 23. Nd4 Rae8 24. Nc3 h5 25. Nce2 hxg4 26. hxg4 Ne4 27. Nc3 Nc5 28.
Qd2 Ng6 29. Nce2 Nh4 30. Ng3 Nb3 31. Nxb3 Nf3+ 32. Kg2 Nxd2 33. Nxd2 Qb6 34.
Rb1 Qc7 35. Rbc1 Qb8 36. Rh1 Qa8 37. Rh5 d4+ 38. e4 Kf8 39. f3 c3 40. bxc3 dxc3
41. Rxc3 Qd8 42. Nb3 Qd6 43. Ne2 Rb5 44. Ned4 Rb6 45. Rh8+ Ke7 46. Rh7 Rf8 47.
Be6 Qxa3 48. Rd3 Rxb3 49. Rxb3 Qa2+ 50. Kg3 Qd2 51. Rxb7+ Ke8 52. Bd7+ Ke7 53.
Nf5+ Kf6 54. Rh6+ Ke5 55. Rd6 Qe1+ 56. Kg2 Qe2+ 57. Kg3 Qe1+ 58. Kg2 Rh8 59.
Rh6 Rxh6 60. Nxh6 Qd2+ 61. Kg3 Qe1+ 62. Kg2 Kf4 63. Nf5 Qd2+ 64. Kh3 a5 65. Rb3
Qxd7 66. Ne3 Qa4 67. Nd5+ Ke5 68. Rd3 Qc4 69. Ra3 Qf1+ 70. Kg3 f6 71. Ne7 Qe1+
72. Kg2 Qd2+ 73. Kg3 Qd6 74. Rxa5+ Ke6+ 75. e5 Qxe7 76. exf6 Qc7+ 0-1

[Event "Paris ch Open A"]
[Site "Paris FRA"]
[Date "2005.07.12"]
[Round "4.6"]
[White "Carrillo, Jesus"]
[Black "Cruz Alvarez De Ron, Dan"]
[Result "0-1"]
[WhiteElo "2135"]
[BlackElo "2186"]
[PlyCount "70"]
[EventDate "2005.07.09"]
[EventType "swiss"]
[EventRounds "9"]
[EventCountry "FRA"]
[Source "lmi"]
[SourceDate "2005.07.17"]

1. e4 g6 2. d4 Bg7 3. Nc3 d6 4. Be3 Nd7 5. Qd2 a6 6. h4 b5 7. f3 Bb7 8. h5 c5
9. h6 Bxd4 10. Bxd4 cxd4 11. Qxd4 Ngf6 12. O-O-O Qb6 13. Nge2 b4 14. Nd5 Bxd5
15. exd5 O-O 16. c4 bxc3 17. Nxc3 Rfc8 18. Bc4 a5 19. Kb1 Rab8 20. Rd2 Qxd4 21.
Rxd4 Rb4 22. b3 Ne5 23. a3 Rbb8 24. Kc2 Nfd7 25. f4 Ng4 26. Re1 Nxh6 27. Bd3
Kf8 28. b4 axb4 29. axb4 Ng4 30. Kd2 Ngf6 31. f5 Ra8 32. fxg6 hxg6 33. Bb5 Ne5
34. Be2 Ra3 35. Nb5 Ra2+ 0-1

[Event "Paris ch Open A"]
[Site "Paris FRA"]
[Date "2005.07.12"]
[Round "4.7"]
[White "Saatdjian, Thomas"]
[Black "Rabineau, Clement"]
[Result "1/2-1/2"]
[WhiteElo "2074"]
[BlackElo "2179"]
[PlyCount "107"]
[EventDate "2005.07.09"]
[EventType "swiss"]
[EventRounds "9"]
[EventCountry "FRA"]
[Source "lmi"]
[SourceDate "2005.07.17"]

1. Nf3 e6 2. c4 c5 3. g3 b6 4. Bg2 Bb7 5. O-O Nf6 6. Nc3 Be7 7. d4 cxd4 8. Qxd4
O-O 9. Rd1 Nc6 10. Qd2 d6 11. b3 Rc8 12. Bb2 Rc7 13. e4 Rd7 14. Qe2 Qa8 15. Rd2
Rfd8 16. Rad1 Nb4 17. Nd4 Nc6 18. Nc2 Qb8 19. f4 a6 20. f5 exf5 21. exf5 Ne5
22. Nd5 Nxd5 23. Bxd5 Bf6 24. Qg2 Bxd5 25. Rxd5 Ng4 26. Qe4 Nf2 27. Kxf2 Bxb2
28. Kg2 Re8 29. Qf3 Rde7 30. R1d2 Bc1 31. Rf2 Re5 32. Qd1 Rxd5 33. Qxd5 Qa8 34.
Qxa8 Rxa8 35. Rf1 Bb2 36. Rd1 Be5 37. Rd5 Kf8 38. a4 Ke7 39. Kf3 Kd7 40. Nb4 a5
41. Nc2 Re8 42. Rd1 Bc3 43. Ne3 Bb4 44. Nd5 Bc5 45. g4 Re5 46. Rd2 Kc6 47. Re2
Bd4 48. Re4 Rxe4 49. Kxe4 Be5 50. h4 Kc5 51. Kd3 Kc6 52. h5 Kc5 53. Ke4 Bb2 54.
g5 1/2-1/2

[Event "Paris ch Open A"]
[Site "Paris FRA"]
[Date "2005.07.12"]
[Round "4.8"]
[White "Serafimov, Dimitar"]
[Black "Gouanelle, Franck"]
[Result "1/2-1/2"]
[WhiteElo "2174"]
[BlackElo "2129"]
[PlyCount "113"]
[EventDate "2005.07.09"]
[EventType "swiss"]
[EventRounds "9"]
[EventCountry "FRA"]
[Source "lmi"]
[SourceDate "2005.07.17"]

1. c4 e5 2. g3 Nf6 3. Bg2 c6 4. d4 Bb4+ 5. Bd2 Bxd2+ 6. Qxd2 d6 7. Nc3 O-O 8.
e3 Qe7 9. Nge2 Bg4 10. f3 Be6 11. b3 Nbd7 12. O-O Rfd8 13. h3 d5 14. c5 exd4
15. exd4 Nf8 16. Rae1 Re8 17. g4 Rad8 18. Nf4 Qc7 19. Nd3 Bc8 20. Ne5 Ne6 21.
b4 Nd7 22. f4 f6 23. Nxd7 Bxd7 24. Ne2 Kf7 25. Qd3 Nf8 26. f5 Re7 27. Qg3 Qxg3
28. Nxg3 Rde8 29. Rxe7+ Rxe7 30. Kf2 g6 31. Rb1 gxf5 32. gxf5 a6 33. Bf3 Ke8
34. a4 Kd8 35. b5 cxb5 36. axb5 Bxb5 37. Bxd5 Rd7 38. Bf3 Rxd4 39. Bxb7 Kc7 40.
Bf3 Nd7 41. Rc1 Ne5 42. Be2 Rf4+ 43. Ke3 Bxe2 44. Kxe2 Kc6 45. Ra1 Kb5 46. c6
Nxc6 47. Ke3 Rh4 48. Rh1 Nb4 49. Ne4 Nd5+ 50. Kd4 Nc3 51. Kxc3 Rxe4 52. Rb1+
Ka5 53. Rb7 Re3+ 54. Kd4 Rxh3 55. Rf7 Rh6 56. Kd5 Kb6 57. Ke6 1/2-1/2

[Event "Paris ch Open A"]
[Site "Paris FRA"]
[Date "2005.07.12"]
[Round "4.9"]
[White "Aurel, Luc"]
[Black "Le Bas, Alexis"]
[Result "1-0"]
[WhiteElo "2167"]
[BlackElo "2108"]
[PlyCount "79"]
[EventDate "2005.07.09"]
[EventType "swiss"]
[EventRounds "9"]
[EventCountry "FRA"]
[Source "lmi"]
[SourceDate "2005.07.17"]

1. c4 c6 2. Nf3 d5 3. e3 Nf6 4. b3 Bf5 5. Bb2 Nbd7 6. Be2 e6 7. O-O Bd6 8. d3
Qc7 9. Nbd2 O-O 10. Rc1 Rad8 11. Qc2 Rfe8 12. Rfe1 Qb8 13. Bf1 e5 14. e4 Bg6
15. Nh4 a6 16. Nxg6 hxg6 17. a3 b5 18. cxd5 cxd5 19. g3 d4 20. b4 Nb6 21. Bh3
Nfd7 22. Nb3 Rc8 23. Qd2 Rxc1 24. Rxc1 Nf8 25. Rc2 Ne6 26. Qc1 Nd8 27. Na5 Qa7
28. Kg2 Qa8 29. Kg1 Kf8 30. f4 f5 31. fxe5 Bxe5 32. Nc6 Nxc6 33. Rxc6 Na4 34.
Rc2 fxe4 35. Bg2 Nxb2 36. Qxb2 Rc8 37. Bxe4 Rxc2 38. Qxc2 Qa7 39. Qc8+ Kf7 40.
Bd5+ 1-0

[Event "Paris ch Open A"]
[Site "Paris FRA"]
[Date "2005.07.12"]
[Round "4.10"]
[White "Vallepin, Cedric"]
[Black "Meenakshi, S."]
[Result "1/2-1/2"]
[WhiteElo "2119"]
[BlackElo "2273"]
[PlyCount "85"]
[EventDate "2005.07.09"]
[EventType "swiss"]
[EventRounds "9"]
[EventCountry "FRA"]
[Source "lmi"]
[SourceDate "2005.07.17"]

1. e4 g6 2. d4 Bg7 3. c4 d6 4. Nc3 e5 5. Nge2 Nd7 6. Be3 Ngf6 7. f3 O-O 8. Qd2
c6 9. O-O-O Qa5 10. Kb1 b6 11. g4 Rd8 12. h4 Ba6 13. d5 cxd5 14. cxd5 b5 15.
Nc1 Rdb8 16. Nb3 Qd8 17. a3 Bf8 18. Na2 Nc5 19. Na5 Bb7 20. h5 a6 21. hxg6 fxg6
22. b4 Na4 23. Qf2 Qe7 24. Bh3 Ne8 25. g5 Ng7 26. Bg4 Rc8 27. Bxc8 Rxc8 28. Rc1
Nh5 29. Rxc8 Bxc8 30. Qc2 Bd7 31. Qc7 Qf7 32. Rf1 Ng3 33. Rf2 Nh1 34. Rh2 Ng3
35. Rf2 Nh1 36. Rh2 Ng3 37. Nb7 Nf1 38. Nd8 Qxf3 39. Qxd7 Nxh2 40. Qe6+ Kg7 41.
Qd7+ Kg8 42. Qe6+ Kg7 43. Qd7+ 1/2-1/2

[Event "Paris ch Open A"]
[Site "Paris FRA"]
[Date "2005.07.13"]
[Round "5.1"]
[White "Demagnee, Arnaud"]
[Black "Helstroffer, Arnaud"]
[Result "0-1"]
[WhiteElo "2135"]
[BlackElo "2264"]
[PlyCount "66"]
[EventDate "2005.07.09"]
[EventType "swiss"]
[EventRounds "9"]
[EventCountry "FRA"]
[Source "lmi"]
[SourceDate "2005.07.17"]

1. e4 e6 2. d4 d5 3. Nc3 Nf6 4. e5 Nfd7 5. f4 c5 6. Nf3 Nc6 7. Be3 cxd4 8. Nxd4
Bc5 9. Qd2 Nxd4 10. Bxd4 O-O 11. O-O-O a6 12. Qf2 Qc7 13. Bd3 b5 14. Qh4 g6 15.
Ne2 b4 16. Qh6 Bb7 17. h4 Rfc8 18. h5 Nf8 19. f5 exf5 20. Bxf5 Bxd4 21. Nxd4
Re8 22. e6 fxe6 23. hxg6 exf5 24. gxh7+ Qxh7 25. Qf4 Qg6 26. Nxf5 Re4 27. Nh6+
Kh8 28. Qc7 Rc8 29. Nf5+ Kg8 30. Qxb7 Qxf5 31. Rxd5 Re1+ 32. Kd2 Qf2+ 33. Kd3
Qe3# 0-1

[Event "Paris ch Open A"]
[Site "Paris FRA"]
[Date "2005.07.13"]
[Round "5.2"]
[White "Cruz Alvarez De Ron, Dan"]
[Black "Aurel, Luc"]
[Result "0-1"]
[WhiteElo "2186"]
[BlackElo "2167"]
[PlyCount "172"]
[EventDate "2005.07.09"]
[EventType "swiss"]
[EventRounds "9"]
[EventCountry "FRA"]
[Source "lmi"]
[SourceDate "2005.07.17"]

1. Nf3 g6 2. d4 Bg7 3. e4 d6 4. c3 b6 5. Bd3 e6 6. Qe2 Bb7 7. Na3 Ne7 8. Bd2
Nd7 9. Nc2 a6 10. Ne3 Nf6 11. e5 dxe5 12. Nxe5 Nd7 13. Nxd7 Qxd7 14. f3 h5 15.
O-O-O b5 16. Kb1 Nd5 17. Nc2 Qd6 18. Na1 c5 19. dxc5 Qxc5 20. Nb3 Qb6 21. Rhe1
Kf8 22. Be4 Bf6 23. g4 Qc7 24. g5 Bg7 25. Nd4 Kg8 26. Nc2 Nb6 27. Bxb7 Qxb7 28.
Be3 Kh7 29. Bd4 Rhd8 30. Bxg7 Kxg7 31. Qe5+ Kg8 32. f4 Rd5 33. Rxd5 Nxd5 34.
Rd1 Qb8 35. Qxb8+ Rxb8 36. Rd4 f6 37. Nb4 Nxb4 38. Rxb4 fxg5 39. fxg5 Rf8 40.
Re4 Rf1+ 41. Kc2 Kf7 42. Re2 Rf5 43. Rg2 e5 44. Kb3 Rf4 45. Rd2 e4 46. Rd6 e3
47. Rd1 Rf2 48. Re1 Rxh2 49. Rxe3 Rg2 50. Re5 h4 51. Re4 h3 52. Rh4 h2 53. Rh6
Rf2 54. Ka3 a5 55. b3 Rc2 56. c4 bxc4 57. bxc4 Rxc4 58. Rxh2 Rg4 59. Rf2+ Kg7
60. Kb3 Rxg5 61. Kc4 Rf5 62. Rb2 Kf6 63. Kd4 Rf4+ 64. Ke3 Kg5 65. Rb5+ Rf5 66.
a4 Kg4 67. Ke4 Rf4+ 68. Ke5 g5 69. Ke6 Rxa4 70. Kf6 Rf4+ 71. Kg6 a4 72. Rxg5+
Kf3 73. Ra5 Ke3 74. Kg5 Re4 75. Kf5 Kd3 76. Ra8 Rd4 77. Ke5 Kc3 78. Ra7 Rb4 79.
Kd5 Kb3 80. Rh7 a3 81. Rh3+ Ka4 82. Rh2 Rb2 83. Rh4+ Kb5 84. Rh3 a2 85. Ra3 Kb4
86. Ra8 Kb3 0-1

[Event "Paris ch Open A"]
[Site "Paris FRA"]
[Date "2005.07.13"]
[Round "5.3"]
[White "Popov, Gueorgui"]
[Black "Serafimov, Dimitar"]
[Result "1/2-1/2"]
[WhiteElo "2263"]
[BlackElo "2174"]
[PlyCount "102"]
[EventDate "2005.07.09"]
[EventType "swiss"]
[EventRounds "9"]
[EventCountry "FRA"]
[Source "lmi"]
[SourceDate "2005.07.17"]

1. c4 g6 2. g3 Bg7 3. Bg2 d6 4. Nc3 c6 5. e4 e5 6. Nge2 Ne7 7. h3 O-O 8. O-O
Be6 9. b3 Qd7 10. Kh2 b5 11. cxb5 cxb5 12. d4 b4 13. d5 bxc3 14. dxe6 fxe6 15.
Nxc3 Nbc6 16. Bb2 Rad8 17. Qd3 Nd4 18. Rad1 Rf7 19. Ne2 Ndc6 20. h4 Kh8 21. Bh3
a5 22. a3 d5 23. exd5 Nxd5 24. Qe4 Rdf8 25. f4 Qd6 26. Bxe6 Qxe6 27. Qxd5 Qxd5
28. Rxd5 Rb7 29. Nc1 a4 30. b4 Nd4 31. Nd3 Nc2 32. Rc1 Ne3 33. Rd6 Nf5 34. Rd5
Ne3 35. Nc5 Nxd5 36. Nxb7 exf4 37. Bxg7+ Kxg7 38. gxf4 Rxf4 39. Kg3 Re4 40. Rf1
h5 41. Nc5 Rg4+ 42. Kh3 Nf4+ 43. Kh2 Rxh4+ 44. Kg3 Rg4+ 45. Kf3 Nd5 46. Nxa4 g5
47. Nc5 Rc4 48. Rd1 Nf6 49. Nd7 Rc3+ 50. Kg2 Rxa3 51. Nxf6 Kxf6 1/2-1/2

[Event "Paris ch Open A"]
[Site "Paris FRA"]
[Date "2005.07.13"]
[Round "5.5"]
[White "Gervasio, Ricardo"]
[Black "Trommsdorf, Fro"]
[Result "1-0"]
[WhiteElo "2255"]
[BlackElo "2154"]
[PlyCount "55"]
[EventDate "2005.07.09"]
[EventType "swiss"]
[EventRounds "9"]
[EventCountry "FRA"]
[Source "lmi"]
[SourceDate "2005.07.17"]

1. e4 g6 2. Bc4 Bg7 3. Qf3 Nh6 4. d4 O-O 5. Ne2 c6 6. a4 d6 7. h3 Kh8 8. g4 e5
9. dxe5 dxe5 10. g5 Ng8 11. h4 f6 12. h5 fxg5 13. hxg6 h6 14. Qh5 Qb6 15. Bf7
Nd7 16. Nbc3 Ndf6 17. Qxg5 Ng4 18. Qh4 Ne7 19. f3 Nxg6 20. Bxg6 Rxf3 21. a5 Qc5
22. Bg5 Kg8 23. O-O-O Be6 24. Rhf1 Rxf1 25. Rxf1 Qxa5 26. Kb1 b5 27. Bf5 Bxf5
28. exf5 1-0